Missing Word: TV Shows (A-Z) Quiz Stats

 Plays Quiz Updated Feb 8, 2021

Support Sporcle.
Go Orange.
Score 0/26 Timer 03:00
0 Plays Today
TV Show Missing Word % Correct
The Big ___ TheoryBang
99.7%
How I Met Your ___Mother
97.7%
Saved by the ___Bell
95.4%
Murder, ___ WroteShe
94.9%
Touched by an ___Angel
91.6%
One ___ HillTree
90.2%
Xena: ___ PrincessWarrior
86.2%
I ___ of JeannieDream
81.6%
Everybody Hates ___Chris
80.9%
Veronica ___Mars
72.7%
Phineas and ___Ferb
69.8%
Charles in ___Charge
69.1%
United ___ of TaraStates
68.1%
TV Show Missing Word % Correct
The King of ___Queens
65.8%
Queer as ___Folk
56.7%
Fawlty ___Towers
54.4%
Remington ___Steele
53.7%
Nurse ___Jackie
53.2%
Gomer ___, U.S.M.C.Pyle
52.5%
WKRP in ___Cincinnati
47.2%
Dear ___ PeopleWhite
44.9%
Yes, ___ MinisterPrime
44.7%
Absolutely ___Fabulous
40.1%
Jake and the ___Fatman
35.7%
Love, ___ StyleAmerican
32.7%
Zoobilee ___Zoo
20.3%

Today's Daily Dose

Missing Word
1880s A-Z

Get the Picture
Scooby-Doo Gang

You're not logged in!

Compare scores with friends on all Sporcle quizzes.
OR
Log In

From the Vault

3-Letter Overlap Movies

by MSUKent

Hollywood would never make two different movies using the same 3 letters, right?
Remove Ads.
Support Sporcle.
Get the best of Sporcle when you Go Orange. This ad-free experience offers more features, more stats, and more fun while also helping to support Sporcle. Thank you for becoming a member.

Show Comments

Extras

Top Quizzes Today


Score Distribution

Your Account Isn't Verified!

In order to create a playlist on Sporcle, you need to verify the email address you used during registration. Go to your Sporcle Settings to finish the process.

Report this User

Report this user for behavior that violates our Community Guidelines.

Details: